Todos os campeões da UEFA Champions League - Statistics

Estatísticas Gerais
  • Esse quiz foi jogado 151 vezes
  • A pontuação média é 65 de 70
Estatísticas das Respostas
Temporada Campeão % Correto
2020/21 Chelsea
100%
2011/12 Chelsea
100%
2024/25 Paris Saint‑Germain
100%
2023/24 Real Madrid
100%
2021/22 Real Madrid
100%
2017/18 Real Madrid
100%
2016/17 Real Madrid
100%
2015/16 Real Madrid
100%
2013/14 Real Madrid
100%
2001/02 Real Madrid
100%
1999/00 Real Madrid
100%
1997/98 Real Madrid
100%
1965/66 Real Madrid
100%
1959/60 Real Madrid
100%
1958/59 Real Madrid
100%
1957/58 Real Madrid
100%
1956/57 Real Madrid
100%
1955/56 Real Madrid
100%
2014/15 FC Barcelona
99%
2010/11 FC Barcelona
99%
2008/09 FC Barcelona
99%
2005/06 FC Barcelona
99%
1991/92 FC Barcelona
99%
2022/23 Manchester City
99%
2006/07 AC Milan
98%
2002/03 AC Milan
98%
1993/94 AC Milan
98%
1989/90 AC Milan
98%
1988/89 AC Milan
98%
1968/69 AC Milan
98%
1962/63 AC Milan
98%
2018/19 Liverpool
98%
2004/05 Liverpool
98%
1983/84 Liverpool
98%
1980/81 Liverpool
98%
1977/78 Liverpool
98%
1976/77 Liverpool
98%
2009/10 Inter Milan
97%
1964/65 Inter Milan
97%
1963/64 Inter Milan
97%
2007/08 Manchester United
97%
1998/99 Manchester United
97%
1967/68 Manchester United
97%
2019/20 Bayern Munich
96%
2012/13 Bayern Munich
96%
2000/01 Bayern Munich
96%
1975/76 Bayern Munich
96%
1974/75 Bayern Munich
96%
1973/74 Bayern Munich
96%
2003/04 Porto
96%
1986/87 Porto
96%
1995/96 Juventus
95%
1984/85 Juventus
95%
1961/62 Benfica
94%
1960/61 Benfica
94%
1996/97 Borussia Dortmund
94%
1994/95 Ajax
86%
1972/73 Ajax
86%
1971/72 Ajax
86%
1970/71 Ajax
86%
1990/91 Red Star Belgrade
76%
1979/80 Nottingham Forest
75%
1978/79 Nottingham Forest
75%
1987/88 PSV Eindhoven
72%
1981/82 Aston Villa
68%
1992/93 Olympique de Marseille
66%
1982/83 Hamburg SV
64%
1966/67 Celtic
62%
1969/70 Feyenoord
61%
1985/86 Steaua București
44%
Nenhum quiz correspondente encontrado
Distribuição das Pontuações
Porcentagem de Pessoas com Cada Pontuação
Percentil de Números Respondidos
Sua Pontuação Histórica
Você não jogou esse quiz